000 02720nam0a2200385 4500
001 RU\NLR\BIBL_A\012551411
005 20260406012040.0
010 _a9785907297593
_9500
021 _aRU
_b2021-6956
_9КН-П-548
035 _a(RuMoRGB)010571494
035 _a(NLR Aleph) 012551411
090 _a12431056
_c12431056
100 _a20210623d2020 k y0rusy50 ca
101 0 _arus
102 _aRU
105 _aa z 000yy
181 0 _ai
_baxxe
182 0 _an
200 1 _aКластеры в использовании отходов производства, попутного сырья на горнодобывающих предприятиях (проблемы, эффективность)
_eмонография
_fЕ. Я. Власова, С. А. Бисинбаев, Я. Я. Яндыганов
_gпод научной редакцией Заслуженного деятеля науки РФ, доктора географических наук, профессора Я. Я. Яндыганова
203 _aТекст
_bвизуальный
_cнепосредственный
210 _aЕкатеринбург
_cАльфа Принт
_d2020
215 _a279, [4] с.
_cил., табл.
_d21
300 _aНа 4-й с. обл. авт.: Власова Е.Я., д.э.н., лауреат премии за лучшую науч. кн. за 2007 г., лауреат премии им. В.Н. Татищева и Г.В. де Геннина (2003), д.чл. Междунар. акад. наук экологии и безопасности жизнедеятельности, Яндыганов Я.Я., проф., д.г.н., засл. деят. науки РФ, почет. работник высш. проф. образования России, лауреат премии за лучшую науч. кн. за 2007 г., лауреат премии им. В.Н. Татищева и Г.В. де Геннина (2003)
320 _aБиблиогр.: с. 261-268 (95 назв.)
606 1 _aГорнорудная промышленность
_xОтходы
_xИспользование
_9894884
_3RU\NLR\AUTH\664115
606 1 _aПромышленные кластеры
_yРоссийская Федерация
_92449870
_3RU\NLR\AUTH\661456694
686 1 _aИ419
686 1 _aУ30(2)-431.5(2Р)
686 1 _aУ30(2)54-553.84(2Р)
700 1 _8rus
_7ca
_aВласова
_bЕ. Я.
_cд-р экон. наук
_f1972-
_gЕкатерина Яковлевна
_3RU\NLR\AUTH\77117547
_9100472
701 1 _aБисинбаев
_bС. А.
_gСабит Аязбаевич
701 1 _aЯндыганов
_bЯ. Я.
_gЯков Яныбаевич
942 _cBOOK
980 _aNBR